Mehrab e dua / (Record no. 524163)

000 -LEADER
fixed length control field 00464nam a22001697a 4500
003 - CONTROL NUMBER IDENTIFIER
control field NUST
038 ## - RECORD CONTENT LICENSOR
Staff Name abdul basit
082 ## - DEWEY DECIMAL CLASSIFICATION NUMBER
Classification number 891.421
Author Mark NIZ
100 ## - MAIN ENTRY--PERSONAL NAME
Personal name Nizami, muhammad sajid.
9 (RLIN) 14985
245 ## - TITLE STATEMENT
Title Mehrab e dua /
Statement of responsibility, etc. Muhammad sajid Nizami
260 ## - PUBLICATION, DISTRIBUTION, ETC.
Place of publication, distribution, etc. Attock :
Name of publisher, distributor, etc. Nizamia dar ul ishat,
Date of publication, distribution, etc. 2005.
300 ## - PHYSICAL DESCRIPTION
Extent 96 p. ;
500 ## - GENERAL NOTE
General note Papercover.
880 ## - ALTERNATE GRAPHIC REPRESENTATION
Linkage 100-02\r
Title محمد ساجد نظامی
880 ## - ALTERNATE GRAPHIC REPRESENTATION
Linkage 245-02\r
Title محراب دعا /
942 ## - ADDED ENTRY ELEMENTS (KOHA)
Source of classification or shelving scheme
Koha item type Book
Holdings
Withdrawn status Lost status Source of classification or shelving scheme Damaged status Not for loan Permanent Location Current Location Date acquired Total Checkouts Full call number Barcode Date last seen Price effective from Koha item type
          Central Library (CL) Central Library (CL) 06/18/2019   891.421 NIZ CL-E-1548 06/18/2019 06/18/2019 Book
© 2023 Central Library, National University of Sciences and Technology. All Rights Reserved.